| Поле | Название | Значение |
| |
Тип записи |
c |
| |
Библиографический уровень |
m |
| 001 |
Контрольный номер |
RU/IS/BASE/612187308 |
| 005 |
Дата корректировки |
20250520123228.1 |
| 010 |
Индекс ISBN |
__ |
| 9 |
Тираж |
45000 экз. |
| 013 |
Номер (ISMN) |
__ |
| d |
Цена |
1 р. 30 к. |
| 071 |
Издательские номер (звукозапись и ноты) |
21 |
| a |
Номер, присвоенный агентством |
11313 |
| 100 |
Данные общей обработки |
__ |
| a |
Данные общей обработки |
20190526d1981 u y0rusy0189||||ca |
| 101 |
Язык документа |
0_ |
| a |
Язык текста |
rus |
| f |
Язык титульного листа |
rus |
| 102 |
Страна публикации |
__ |
| a |
Страна публикации |
RU |
| 105 |
Кодированные данные (монография) |
__ |
| a |
Кодированные данные (монография) |
y###||||000|y |
| 125 |
Кодированные данные звукозаписи и нотных изданий |
__ |
| a |
Форма изложения нотного текста |
с| |
| 128 |
Кодированные данные (звукозаписи-физические характеристики) |
__ |
| a |
Кодированные данные: Музыкальная форма и тональность или лад |
chs |
| a |
Кодированные данные: Музыкальная форма и тональность или лад |
fso |
| a |
Кодированные данные: Музыкальная форма и тональность или лад |
zz |
| b |
Инструменты или голоса, необходимые для ансамблей (устаревшее) |
cd|| |
| c |
Инструменты или голоса, рекомендуемые для солистов (устаревшее) |
ka|| |
| 200 |
Заглавие и сведения об ответственности |
0_ |
| a |
Заглавие |
Музыка в школе |
| b |
Общее обозначение материала |
[Ноты] |
| e |
Сведения, относящиеся к заглавию |
5 кл. |
| e |
Сведения, относящиеся к заглавию |
хрестоматия |
| f |
Первые сведения об ответственности |
сост. Т. Жданова и А. Кононенко ; метод. разработка Т. Ждановой |
| g |
Последующие сведения об ответственности |
[предисл. изд.] |
| 210 |
Выходные данные |
1_ |
| a |
Место издания |
Москва |
| c |
Издательство |
Музыка |
| d |
Дата издания |
1981 |
| 215 |
Физическое описание |
__ |
| a |
Объем |
96 с. |
| d |
Формат |
29 см |
| 327 |
Примечание о содержании |
01 |
| a |
Примечание о содержании |
Содерж. : Раздел 1 : Хоровое пение. - Песни : Александров А. В. Государственный Гимн Союза Советских Социалистических республик / текст С. Михалкова и Г. Эль-Регистана. - Чичков Ю. Родина Ленина / сл. К. Ибряева. - Пахмутова А. Дерево дружбы / сл. Н. Добронравова. - Варшавянка / обраб. В. Белого / рус. текст Г. Кржижановского. - Иллютович Н. Горевал мальчишка / сл. Б. Раппопорта-Сибирякова. - Гладков Г. Родина / сл. Ю. Энтина. - Струве Г. Все начинается со школьного звонка / сл. В. Суслова. - Попатенко Т. Лен, мой лен / сл. К. Ибряева. - Кабалевский Д. Спокойной ночи / сл. В. Викторова. - Туликов С. Пятнадцать сестер / сл. М. Пляцковского. - Во поле рябинушка стояла : рус. нар. песня / обраб. И. Пономарькова. - Ветерочек лес колышет : рус. нар. песня / обраб. А. Абрамского ; сл. В. Застрожного. - Реченька : белорус. нар. песня / обраб. А. Свешникова. - Птичка : груз. нар. песня / обраб. В. Локтева ; рус. текст О. Высотской. - Красев М. Снежный вечер / сл. О. Высотской. - Жарковский Е. Чапай остался жив! / сл. М. Владимова. - Блантер М. Песня о Щорсе / сл. М. Голодного. - Френкель Я. Погоня / сл. Р. Рождественского. - Свечников А. Матросская партизанская песня / сл. Б. Палийчука. - Попатенко Т. Третий танкист / сл. Я. Халецкого. - Гладков Г. Песня о волшебниках / сл. В. Лугового. - Глинка М. Жаворонок / сл. Н. Кукольника. - Бетховен Л. Походная песня / рус. текст Т. Сикорской. - Ройтерштейн М. У Кремлевской стены / сл. И. Бурсова. - Гурьев Ю. Солнечные Горки / сл. М. Пляцковского. - Белый В. Песня красных следопытов / сл. Г. Луткова. - Бакалов Л. Песня о пионерской мечте / сл. Ц. Солодаря. - Уж ты, поле мое : рус. нар. песня / обраб. М. Балакирева. - Глинка М. Венецианская ночь / сл. И. Козлова. - Кюи Ц. Майский день / сл. Ф. Тютчева. - Гуно Ш. Хор из оперы "Фауст" / рус. текст П. Калашникова и В. Ширяевой. - Раздел 2 : Музыкальная грамота. - Раздел 3 : Слушание музыки. |
| 464 |
Аналитический уровень |
_0 |
| 1 |
|
2001 |
| a |
|
Государственный Гимн Союза Советских Социалистических республик |
| e |
|
Союз нерушимый республик свободных... |
| 1 |
|
700 1 |
| a |
|
Александров |
| b |
|
А. В. |
| 1 |
|
702 1 |
| a |
|
Михалков |
| b |
|
С. |
| 4 |
|
520 |
| 1 |
|
702 |
| a |
|
Эль-Регистан |
| b |
|
Г. |
| 4 |
|
520 |
| 464 |
Аналитический уровень |
_0 |
| 1 |
|
2001 |
| a |
|
Родина Ленина |
| e |
|
Белы туманы, что в рощице дремлют... |
| 1 |
|
700 1 |
| a |
|
Чичков |
| b |
|
Ю. |
| 1 |
|
72 1 |
| a |
|
Ибряев |
| b |
|
К. |
| 4 |
|
520 |
| 464 |
Аналитический уровень |
_0 |
| 1 |
|
2001 |
| a |
|
Дерево дружбы |
| e |
|
Дружбы дерево растет... |
| 1 |
|
700 1 |
| a |
|
Пахмутова |
| b |
|
А. |
| 1 |
|
702 1 |
| a |
|
Добронравов |
| b |
|
Н. |
| 4 |
|
520 |
| 464 |
Аналитический уровень |
_0 |
| 1 |
|
2001 |
| a |
|
Варшавянка |
| e |
|
Вихри враждебные веют над нами... |
| 1 |
|
7021 |
| a |
|
Белый |
| b |
|
В. |
| 4 |
|
030 |
| 1 |
|
702 1 |
| a |
|
Кржижановский |
| b |
|
Г. |
| 4 |
|
730 |
| 464 |
Аналитический уровень |
_0 |
| 1 |
|
2001 |
| a |
|
Горевал мальчишка |
| e |
|
Горевал мальчишка загорелый... |
| 1 |
|
700 1 |
| a |
|
Иллютович |
| b |
|
Н. |
| 1 |
|
702 1 |
| a |
|
Раппопорт-Сибиряков |
| b |
|
Б. |
| 4 |
|
520 |
| 464 |
Аналитический уровень |
_0 |
| 1 |
|
2001 |
| a |
|
Родина |
| e |
|
Мы играем возле дома... |
| 1 |
|
700 1 |
| a |
|
Гладков |
| b |
|
Г. |
| 1 |
|
702 1 |
| a |
|
Энтин |
| b |
|
Ю. |
| 4 |
|
520 |
| 464 |
Аналитический уровень |
_0 |
| 1 |
|
2001 |
| a |
|
Все начинается со школьного звонка |
| e |
|
Все начинается со школьного звонка... |
| 1 |
|
700 1 |
| a |
|
Струве |
| b |
|
Г. |
| 1 |
|
702 1 |
| a |
|
Суслов |
| b |
|
В. |
| 4 |
|
520 |
| 464 |
Аналитический уровень |
_0 |
| 1 |
|
2001 |
| a |
|
Лен, мой лен |
| e |
|
Живу я в березовом светлом краю... |
| 1 |
|
700 1 |
| a |
|
Попатенко |
| b |
|
Т. |
| 1 |
|
702 1 |
| a |
|
Ибряев |
| b |
|
К. |
| 4 |
|
520 |
| 464 |
Аналитический уровень |
_0 |
| 1 |
|
2001 |
| a |
|
Спокойной ночи |
| e |
|
День завершен... |
| 1 |
|
700 1 |
| a |
|
Кабалевский |
| b |
|
Д. |
| 1 |
|
702 1 |
| a |
|
Викторов |
| b |
|
В. |
| 4 |
|
520 |
| 464 |
Аналитический уровень |
_0 |
| 1 |
|
2001 |
| a |
|
Пятнадцать сестер |
| e |
|
Красивы в убранстве лесов и озер... |
| 1 |
|
700 1 |
| a |
|
Туликов |
| b |
|
С. |
| 1 |
|
702 1 |
| a |
|
Пляцковский |
| b |
|
М. |
| 4 |
|
520 |
| 464 |
Аналитический уровень |
_0 |
| 1 |
|
2001 |
| a |
|
Во поле рябинушка стояла |
| e |
|
Во поле рябинушка стояла... |
| e |
|
рус. нар. песня |
| 1 |
|
7021 |
| a |
|
Пономарьков |
| b |
|
И. |
| 4 |
|
520 |
| 464 |
Аналитический уровень |
_0 |
| 1 |
|
2001 |
| a |
|
Ветерочек лес колышет |
| e |
|
Ветерочек лес колышет |
| e |
|
рус. нар. песня |
| 1 |
|
702 1 |
| a |
|
Абрамский |
| b |
|
А. |
| 4 |
|
030 |
| 1 |
|
702 1 |
| a |
|
Застрожный |
| b |
|
В. |
| 4 |
|
520 |
| 464 |
Аналитический уровень |
_0 |
| 1 |
|
2001 |
| a |
|
Реченька |
| e |
|
Ой ты, речка, реченька... |
| e |
|
белорус. нар. песня |
| 1 |
|
702 1 |
| a |
|
Свешников |
| b |
|
А. |
| 4 |
|
030 |
| 464 |
Аналитический уровень |
_0 |
| 1 |
|
2001 |
| a |
|
Птичка |
| e |
|
Заря над морем золотится... |
| e |
|
груз. нар. песня |
| 1 |
|
702 1 |
| a |
|
Локтев |
| b |
|
В. |
| 4 |
|
030 |
| 1 |
|
702 1 |
| a |
|
Высотская |
| b |
|
О. |
| 4 |
|
730 |
| 464 |
Аналитический уровень |
_0 |
| 1 |
|
2001 |
| a |
|
Снежный вечер |
| e |
|
Легкий кружится снежок... |
| 1 |
|
700 1 |
| a |
|
Красев |
| b |
|
М. |
| 1 |
|
702 1 |
| a |
|
Высотская |
| b |
|
О. |
| 4 |
|
520 |
| 464 |
Аналитический уровень |
_0 |
| 1 |
|
2001 |
| a |
|
Чапай остался жив! |
| e |
|
Ой, с берега, ой, с белого... |
| 1 |
|
700 1 |
| a |
|
Жарковский |
| b |
|
Е. |
| 1 |
|
702 1 |
| a |
|
Владимов |
| b |
|
М. |
| 4 |
|
520 |
| 464 |
Аналитический уровень |
_0 |
| 1 |
|
2001 |
| a |
|
Песня о Щорсе |
| e |
|
Шел отряд по берегу, шел издалека... |
| 1 |
|
700 1 |
| a |
|
Блантер |
| b |
|
М. |
| 1 |
|
702 1 |
| a |
|
Голодный |
| b |
|
М. |
| 4 |
|
520 |
| 464 |
Аналитический уровень |
_0 |
| 1 |
|
2001 |
| a |
|
Погоня |
| e |
|
Усталость забыта... |
| 1 |
|
700 1 |
| a |
|
Френкель |
| b |
|
Я. |
| 1 |
|
702 1 |
| a |
|
Рождественский |
| b |
|
Р. |
| 4 |
|
520 |
| 464 |
Аналитический уровень |
_0 |
| 1 |
|
2001 |
| a |
|
Матросская партизанская песня |
| e |
|
Берег родной чернеет за кормой... |
| 1 |
|
700 1 |
| a |
|
Свечников |
| b |
|
А. |
| 1 |
|
702 1 |
| a |
|
Палийчук |
| b |
|
Б. |
| 4 |
|
520 |
| 464 |
Аналитический уровень |
_0 |
| 1 |
|
2001 |
| a |
|
Третий танкист |
| e |
|
Люблю я песню "Три танкиста"... |
| 1 |
|
700 1 |
| a |
|
Попатенко |
| b |
|
Т. |
| 1 |
|
702 1 |
| a |
|
Халецкий |
| b |
|
Я. |
| 4 |
|
520 |
| 464 |
Аналитический уровень |
_0 |
| 1 |
|
2001 |
| a |
|
Песня о волшебниках |
| e |
|
Чтоб могли на Марс летать... |
| 1 |
|
700 1 |
| a |
|
Гладков |
| b |
|
Г. |
| 1 |
|
702 1 |
| a |
|
Луговой |
| b |
|
В. |
| 4 |
|
520 |
| 464 |
Аналитический уровень |
_0 |
| 1 |
|
2001 |
| a |
|
Жаворонок |
| e |
|
Между небом и землей... |
| 1 |
|
700 1 |
| a |
|
Глинка |
| b |
|
М. |
| 1 |
|
702 1 |
| a |
|
Кукольник |
| b |
|
Н. |
| 4 |
|
520 |
| 464 |
Аналитический уровень |
_0 |
| 1 |
|
2001 |
| a |
|
Походная песня |
| e |
|
Над походным нашим станом... |
| 1 |
|
700 1 |
| a |
|
Бетховен |
| b |
|
Л. |
| 1 |
|
702 1 |
| a |
|
Сикорская |
| b |
|
Т. |
| 4 |
|
520 |
| 464 |
Аналитический уровень |
_0 |
| 1 |
|
2001 |
| a |
|
У Кремлевской стены |
| e |
|
У Кремлевской стены, под сенью старого сада... |
| 1 |
|
700 1 |
| a |
|
Ройтерштейн |
| b |
|
М. |
| 1 |
|
702 1 |
| a |
|
Бурсов |
| b |
|
И. |
| 4 |
|
520 |
| 464 |
Аналитический уровень |
_0 |
| 1 |
|
2001 |
| a |
|
Солнечные Горки |
| e |
|
В парке слышно листьев шелестенье... |
| 1 |
|
700 1 |
| a |
|
Гурьев |
| b |
|
Ю. |
| 1 |
|
702 1 |
| a |
|
Пляцковский |
| b |
|
М. |
| 4 |
|
520 |
| 464 |
Аналитический уровень |
_0 |
| 1 |
|
2001 |
| a |
|
Песня красных следопытов |
| e |
|
Расскажут о ом, что нам близко... |
| 1 |
|
700 1 |
| a |
|
Белый |
| b |
|
В. |
| 1 |
|
702 1 |
| a |
|
Лутков |
| b |
|
Г. |
| 4 |
|
520 |
| 464 |
Аналитический уровень |
_0 |
| 1 |
|
2001 |
| a |
|
Песня о пионерской мечте |
| e |
|
Над рощей лучи догорают... |
| 1 |
|
700 1 |
| a |
|
Бакалов |
| b |
|
Л. |
| 1 |
|
702 1 |
| a |
|
Солодарь |
| b |
|
Ц. |
| 4 |
|
520 |
| 464 |
Аналитический уровень |
_0 |
| 1 |
|
2001 |
| a |
|
Уж ты, поле мое |
| e |
|
Уж ты, поле мое, поле чистое... |
| e |
|
рус. нар. песня |
| 1 |
|
702 1 |
| a |
|
Балакирев |
| b |
|
М. |
| 4 |
|
520 |
| 464 |
Аналитический уровень |
_0 |
| 1 |
|
2001 |
| a |
|
Венецианская ночь |
| e |
|
Ночь весенняя дышала... |
| 1 |
|
700 1 |
| a |
|
Глинка |
| b |
|
М. |
| 1 |
|
702 1 |
| a |
|
Козлов |
| b |
|
И. |
| 4 |
|
520 |
| 464 |
Аналитический уровень |
_0 |
| 1 |
|
2001 |
| a |
|
Майский день |
| e |
|
Сияет солнце, воды блещут... |
| 1 |
|
700 1 |
| a |
|
Кюи |
| b |
|
Ц. |
| 1 |
|
702 1 |
| a |
|
Тютчев |
| b |
|
Ф. |
| 4 |
|
520 |
| 464 |
Аналитический уровень |
_0 |
| 1 |
|
2001 |
| a |
|
Хор из оперы "Фауст" |
| e |
|
Только ленивый утром крепко спит... |
| 1 |
|
700 1 |
| a |
|
Гуно |
| b |
|
Ш. |
| 1 |
|
702 1 |
| a |
|
Калашников |
| b |
|
П. |
| 4 |
|
730 |
| 1 |
|
702 1 |
| a |
|
Ширяева |
| b |
|
В. |
| 4 |
|
730 |
| 1 |
|
50010 |
| a |
|
Фауст |
| 512 |
Заглавие обложки |
1_ |
| a |
Заглавие обложки |
Музыка в школе |
| 606 |
Тематические рубрики |
0_ |
| a |
Основная рубрика |
Учебно-педагогическая литература |
| x |
Основная подрубрика |
Средний школьный возраст |
| 610 |
Ключевые слова |
0_ |
| a |
Ключевые слова |
средний школьный возраст |
| 610 |
Ключевые слова |
0_ |
| a |
Ключевые слова |
детское школьное воспитание |
| 686 |
Индексы других классификаций |
__ |
| a |
Классификационный индекс |
85.98(2)я71 |
| 2 |
Код системы |
rubbk |
| 702 |
Вторичная интеллектуальная ответственность |
_1 |
| a |
Фамилия |
Жданова |
| b |
Имя (инициалы) |
Т. |
| 4 |
Код отношения |
220 |
| 702 |
Вторичная интеллектуальная ответственность |
_1 |
| a |
Фамилия |
Кононенко |
| b |
Имя (инициалы) |
А. |
| 4 |
Код отношения |
220 |
| 801 |
Источник записи |
_0 |
| a |
Страна |
RU |
| b |
Организация |
Ульяновская ОНБ |
| c |
Дата составления |
20190526 |
| g |
Правила каталогизации |
RCR |
| 801 |
Источник записи |
_1 |
| a |
Страна |
RU |
| b |
Организация |
Ульяновская ОНБ |
| c |
Дата составления |
20190526 |
| g |
Правила каталогизации |
RCR |
| 901 |
Тип документа |
__ |
| t |
Тип документа |
m |
| 909 |
Создатель записи |
__ |
| a |
Создатель записи |
Никитина Т. А. |
| 938 |
Служебная информация |
__ |
| a |
Имя БД |
noti |
| b |
Имя библиотеки |
УОНБ |
| c |
Имя АИБС |
МАРК-SQL |
| d |
Номер DOC_ID в БД |
20581 |